header

Style guide (Record no. 124985)

MARC details
000 -LEADER
fixed length control field 01311nam a2200385 a 4500
082 04 - DEWEY DECIMAL CLASSIFICATION NUMBER
Classification number 808.027
245 00 - TITLE STATEMENT
Title Style guide
250 ## - EDITION STATEMENT
Edition statement [9th ed.]
260 ## - PUBLICATION, DISTRIBUTION, ETC. (IMPRINT)
Place of publication London :
Name of publisher Profile Books,
Year of publication c2005.
300 ## - PHYSICAL DESCRIPTION
Number of Pages vi, 250 p. :
Other physical details ill.
500 ## - GENERAL NOTE
General note At head of title: The Economist.
General note Includes index.
650 #0 - SUBJECT ADDED ENTRY--TOPICAL TERM
Topical Term Economics
Topical Term English language
Topical Term English language
856 40 - ELECTRONIC LOCATION AND ACCESS
Uniform Resource Identifier http://site.ebrary.com/lib/rucke/Doc?id=10210683

No items available.

© 2026 Rongo University
Contact us: librarian | system librarian | Rongo university